00290nam a2200121Ia 4500008004100000041000900041082001700050100002800067245002200095260003500117300000800152650000800160230718s9999 xx 000 0 und d aEng. a333.7bDAV-F aDavis, Trevar Desmoyers 0aForlorn Migrants  aPakistanboxford wiffresc2000 a383 aLaw